Follow That Line: Hocus Pocus Quiz Stats

Quiz Updated Oct 22, 2016

Challenge
Share
Tweet
Embed
Score 0/24 Timer 08:00
3 Plays Today
% Correct
I call it...a bus.
91%
Let's barbecue and fillet him.
90.4%
Hag? Sisters, did you hear what he called you?
89.9%
where children wear costumes and run amok!
88.5%
You're going to turn me into one of those fat, useless, contented house cats.
88.4%
I'm sorry, Emily. I had to wait 300 years for a virgin to light a candle.
88.3%
Mom, I haven't O.D.'d. I haven't even had a piece.
88.1%
I suggest we form a calming circle.
86.5%
Oh I've been there, thank you. I found it quite lovely.
86.2%
Well...younger. But it's a start!
86.2%
Well, I don't know. Cat's got my tongue.
83.4%
Just lucky, I guess.
83%
% Correct
A new kid on the block?
82.7%
Yeah? And what about new boyfriends?
82.5%
So let's light the sucker and meet the old broads.
82.3%
and now I think I'll have one on toast!
81.4%
Thou mustn't speak to Master in such a manner.
80.4%
Otherwise it's curtains! We evaporate! We cease to exist!
80.4%
And make it a fresh one.
79.7%
It makes me sick!
79.6%
We'll be younger in the morning.
79.4%
'Cause of all the witches working, I'm the worst.
79.3%
Oh! He makes fire in his hands.
72.4%
I've waited centuries to say that.
69.9%

You're not logged in!

Compare scores with friends on all Sporcle quizzes.
Join for Free
OR
Log In

You Might Also Like...

Show Comments

Extras

Top Quizzes Today


Score Distribution

Your Account Isn't Verified!

In order to create a playlist on Sporcle, you need to verify the email address you used during registration. Go to your Sporcle Settings to finish the process.

Report this User

Report this user for behavior that violates our Community Guidelines.

Details: